Geography Quiz

Random Geography or City Quiz

US City Nicknames Quiz Stats

 Plays Quiz Updated Jul 5, 2012

Support Sporcle.
Go Orange.
Score 0/22 Timer 06:00
5 Plays Today
Nickname City % Correct
The Big AppleNew York, NY
98.8%
The Windy CityChicago, IL
96.4%
Sin CityLas Vegas, NV
95.1%
The Golden Gate CitySan Francisco, CA
93.3%
City of AngelsLos Angeles, CA
93.2%
The Motor CityDetroit, MI
91.9%
The Mile-High CityDenver, CO
87.4%
City of Brotherly LovePhiladelphia, PA
86.6%
The Big EasyNew Orleans, LA
83.7%
BeantownBoston, MA
82.8%
Music CityNashville, TN
81.2%
Nickname City % Correct
Gateway to the WestSt. Louis, MO
81%
The Steel CityPittsburgh, PA
79%
Alamo CitySan Antonio, TX
73.5%
Chocolate Capital of the WorldHershey, PA
71.5%
The Big PineappleHonolulu, HI
69.2%
Brew CityMilwaukee, WI
67.9%
The Emerald CitySeattle, WA
60.5%
City of LakesMinneapolis, MN
60%
Alien Capital of the WorldRoswell, NM
58.3%
The Biggest Little City in the WorldReno, NV
55.8%
Live Music Capital of the WorldAustin, TX
48.7%

You're not logged in!

Compare scores with friends on all Sporcle quizzes.
OR
Log In

From the Vault

Remove Ads.
Support Sporcle.
Get the best of Sporcle when you Go Orange. This ad-free experience offers more features, more stats, and more fun while also helping to support Sporcle. Thank you for becoming a member.

Show Comments

Extras

Top Quizzes Today


Score Distribution

Your Account Isn't Verified!

In order to create a playlist on Sporcle, you need to verify the email address you used during registration. Go to your Sporcle Settings to finish the process.

Report this User

Report this user for behavior that violates our Community Guidelines.

Details: